|
|
|
|
| LEADER |
01037nam a2200277 u 4500 |
| 001 |
10011821 |
| 003 |
upatras |
| 005 |
20240723063320.0 |
| 008 |
881025r19551918us eng |
| 040 |
|
|
|a GR-PaULI
|c GR-PaULI
|b gre
|e AACR2
|
| 041 |
0 |
|
|a eng
|
| 082 |
0 |
4 |
|a 822.33
|2 23
|
| 100 |
1 |
|
|a Shakespeare, William,
|d 1564-1616
|e συγγραφέας
|9 1474
|
| 245 |
1 |
4 |
|a The winter's tale /
|c edited by Frederick E. Pierce
|
| 250 |
|
|
|a 4th reprint
|
| 260 |
|
|
|a New Haven :
|b Yale University Press,
|c 1918 [4th reprint 1955]
|
| 300 |
|
|
|a 143 σ. ;
|c 18 εκ.
|
| 490 |
0 |
|
|a The Yale Shakespeare
|
| 500 |
|
|
|a Περιλαμβάνει ευρετήριο
|
| 505 |
1 |
|
|a
|
| 700 |
|
|
|a Pierce, F. E.,
|9 129874
|d 1878-1935
|q (Frederick Erastus),
|e επιμελητής
|
| 830 |
|
|
|9 161801
|a The Yale Shakespeare
|
| 942 |
|
|
|2 ddc
|c BK15
|
| 952 |
|
|
|0 0
|1 0
|2 ddc
|4 0
|6 822_330000000000000_SHA
|7 0
|9 145320
|a LISP
|b LISP
|c BSC
|d 2016-04-24
|i 25661
|l 0
|o 822.33 SHA
|p 025000093880
|r 2016-04-24 00:00:00
|t 1
|y BK15
|
| 998 |
|
|
|c ΜΠΟΥΡΑΣ
|d 2017-05
|
| 999 |
|
|
|c 94610
|d 94610
|